Statistics for CS:GO Starladder major teams

Click here to take the quiz!

General Stats

  • This quiz has been taken 34 times
  • The average score is 16 of 24

Answer Stats

HintAnswer% Correct
The Current LegendsAstralis
93%
The Current LegendsNatus Vincre
93%
Returning challengersG2 Esports
87%
The Current LegendsNinjas In Pyjamas
87%
The Current LegendsTeam Liquid
87%
Returning challengersTeam Vitality
87%
The Current LegendsFaze clan
83%
The Current LegendsENCE
80%
The Current LegendsMIBR
77%
Returning challengersAvangar
73%
Minor challengersmousesports
73%
The Current LegendsRenegades
70%
Minor challengersNorth
60%
Minor challengersFuria esports
57%
Minor challengersNRG Esports
57%
Minor challengersDreameaters
53%
Minor challengersGrayhound gaming
53%
Returning challengersComplexity gaming
50%
Minor challengersTyloo
50%
Minor challengersforze
47%
Minor challengersCr4zy
40%
Minor challengersSyman Gaming
40%
Minor challengersIntz esports
37%
Returning challengersHellraisers
33%

Score Distribution

Percentile by Number Answered

Percent of People with Each Score

Your Score History

You have not taken this quiz